[Event "Bratislava exe op 2nd"]
[Site "Bratislava"]
[Date "2024.09.14"]
[Round "1"]
[White "Berikkyzy, Alanna"]
[Black "Vardanyan, Aras"]
[Result "0-1"]
[WhiteElo "1869"]
[BlackElo "2308"]
[PlyCount "58"]
[EventDate "2024.09.14"]
[EventType "swiss"]
[EventRounds "9"]
[EventCountry "SVK"]
[SourceTitle "EXT 2025"]
[Source "ChessBase"]
[SourceDate "2024.10.14"]
[SourceVersion "1"]
[SourceVersionDate "2024.10.14"]
[SourceQuality "1"]

1. e4 c5 2. Nf3 d6 3. d4 cxd4 4. Nxd4 Nf6 5. Nc3 Nc6 6. Bg5 e6 7. Bb5 Bd7 8. Qd3 Ne5 9. Bxd7+ Qxd7 10. Qe2 Be7 11. f4 Ng6 12. 0-0-0 h6 13. Bxf6 Nxf4 14. Qd2 Bxf6 15. Ndb5 0-0 16. Kb1 Be5 17. h4 a6 18. Nd4 Rac8 19. g4 Rc4 20. Qe3 Rfc8 21. Rd2 Qc7 22. Rf1 Qc5 23. Rfd1 b5 24. g5 h5 25. Ka1 g6 26. Kb1 Rxd4 27. Rxd4 b4 28. Ne2 Qxc2+ 29. Ka1 Bxd4 0-1

[Event "FIDE World Bl Team Pool A"]
[Site "Almaty"]
[Date "2024.08.05"]
[Round "4.18"]
[White "Berikkyzy, Alanna"]
[Black "Mero, Aghiad"]
[Result "0-1"]
[WhiteElo "1869"]
[BlackElo "1817"]
[PlyCount "33"]
[EventDate "2024.08.05"]
[EventType "team (blitz)"]
[EventRounds "7"]
[EventCountry "KAZ"]
[SourceTitle "CBM 221 Extra"]
[Source "ChessBase"]
[SourceDate "2024.09.30"]
[SourceVersion "1"]
[SourceVersionDate "2024.09.30"]
[SourceQuality "1"]
[WhiteTeam "Rookies"]
[BlackTeam "GMHans.com"]
[BlackTeamCountry "USA"]

1. e4 c5 2. Nf3 Nc6 3. d4 cxd4 4. Nxd4 Nf6 5. Nc3 d6 6. Bg5 e6 7. Bb5 Bd7 8. Qd3 Be7 9. 0-0-0 Rc8 10. Rhe1 Ne5 11. Qe2 a6 12. Bxd7+ Qxd7 13. f4 Nc4 14. e5 Ng8 15. Bxe7 Nxe7 16. exd6 Qxd6 17. Nxe6 0-1

[Event "FIDE World Bl Team Pool A"]
[Site "Almaty"]
[Date "2024.08.05"]
[Round "6.12"]
[White "Berikkyzy, Alanna"]
[Black "Zhang, Changjie"]
[Result "1-0"]
[WhiteElo "1869"]
[BlackElo "1809"]
[PlyCount "79"]
[EventDate "2024.08.05"]
[EventType "team (blitz)"]
[EventRounds "7"]
[EventCountry "KAZ"]
[SourceTitle "CBM 221 Extra"]
[Source "ChessBase"]
[SourceDate "2024.09.30"]
[SourceVersion "1"]
[SourceVersionDate "2024.09.30"]
[SourceQuality "1"]
[WhiteTeam "Rookies"]
[BlackTeam "Theme Int Trading"]
[BlackTeamCountry "SIN"]

1. e4 e6 2. d4 d5 3. e5 c5 4. c3 Nc6 5. Nf3 Qb6 6. Bd3 Nh6 7. 0-0 Nf5 8. dxc5 Qxc5 9. b4 Qb6 10. Bxf5 exf5 11. Qxd5 Be6 12. Qd3 Be7 13. Be3 Qc7 14. Bd4 0-0 15. Nbd2 Rfd8 16. b5 Nxd4 17. cxd4 Rac8 18. Rfd1 Qc2 19. Qxc2 Rxc2 20. a4 Rdc8 21. Ne1 Rb2 22. Nd3 Rbc2 23. a5 Bg5 24. Nf3 Be7 25. Nf4 Rb2 26. d5 Bd7 27. d6 Bf8 28. b6 axb6 29. axb6 Rxb6 30. Nd5 Rb2 31. Rdc1 Rcc2 32. Rxc2 Rxc2 33. h3 Be6 34. Nc7 Rc6 35. Ra8 Bd7 36. Nd5 Rc1+ 37. Kh2 g6 38. Nf6+ Kg7 39. Nxd7 Rd1 40. Nxf8 1-0

[Event "FIDE World Rapid Team"]
[Site "Almaty"]
[Date "2024.08.02"]
[Round "2.18"]
[White "Berikkyzy, Alanna"]
[Black "Tanikin, Isabek"]
[Result "0-1"]
[WhiteElo "1869"]
[BlackElo "1952"]
[PlyCount "74"]
[EventDate "2024.08.02"]
[EventType "team (rapid)"]
[EventRounds "12"]
[EventCountry "KAZ"]
[SourceTitle "CBM 221 Extra"]
[Source "ChessBase"]
[SourceDate "2024.09.30"]
[SourceVersion "1"]
[SourceVersionDate "2024.09.30"]
[SourceQuality "1"]
[WhiteTeam "Rookies"]
[BlackTeam "Ashdod"]
[BlackTeamCountry "ISR"]

1. e4 c6 2. Nf3 d5 3. Nc3 dxe4 4. Nxe4 Nf6 5. Qe2 Nxe4 6. Qxe4 Qd5 7. Qf4 Qf5 8. Qxf5 Bxf5 9. b3 Nd7 10. Bb2 Bg4 11. Be2 Bxf3 12. Bxf3 0-0-0 13. 0-0-0 Nf6 14. d4 e6 15. c4 Bd6 16. Kb1 Rhe8 17. Rhe1 Bb4 18. Re3 Ba5 19. g4 Bb6 20. Ree1 Nd7 21. Bg2 f6 22. Re2 Nf8 23. Kc2 Ng6 24. Be4 Nf4 25. Ree1 Bc7 26. h4 Kb8 27. Bf3 Ng6 28. h5 Nf4 29. Be4 h6 30. Bf3 Re7 31. Ba3 Red7 32. Bb2 Bb6 33. Re4 Nh3 34. Rxe6 Nxf2 35. Rd2 Nh3 36. c5 Ng5 37. Re3 Bxc5 0-1

[Event "Asia-ch U10 Girls"]
[Site "Almaty"]
[Date "2024.06.16"]
[Round "6"]
[White "Berikkyzy, Alanna"]
[Black "Yunker, Alisa Genrietta"]
[Result "0-1"]
[WhiteElo "1871"]
[BlackElo "1735"]
[PlyCount "72"]
[EventDate "2024.06.12"]
[EventType "swiss"]
[EventRounds "9"]
[EventCountry "KAZ"]
[SourceTitle "EXT 2025"]
[Source "ChessBase"]
[SourceDate "2024.10.14"]
[SourceVersion "1"]
[SourceVersionDate "2024.10.14"]
[SourceQuality "1"]
[WhiteTeam "KAZ"]
[BlackTeam "FID"]

1. e4 e6 2. d4 d5 3. e5 c5 4. c3 Nc6 5. Nf3 Qb6 6. Bd3 Bd7 7. 0-0 cxd4 8. Nbd2 dxc3 9. bxc3 Qc7 10. Re1 Nge7 11. Nb3 Ng6 12. Qe2 Be7 13. Bd2 0-0 14. Nbd4 a6 15. Nxc6 Bxc6 16. Bg5 Qd8 17. Bxe7 Qxe7 18. Bxg6 hxg6 19. Qe3 Bb5 20. Qf4 Rfc8 21. Ng5 Rc4 22. Qg3 Qd8 23. f4 Kf8 24. f5 gxf5 25. Nh7+ Ke7 26. Qg5+ Kd7 27. Qxg7 Qe7 28. Nf6+ Kc6 29. Qh6 Rd8 30. h4 Qc5+ 31. Qe3 Qxe3+ 32. Rxe3 Rxh4 33. Kf2 Rdh8 34. Rd1 Ra4 35. Rd2 Rh1 36. a3 Rf1+ 0-1

[Event "Asia-ch U10 Girls"]
[Site "Al Ain"]
[Date "2023.12.21"]
[Round "9"]
[White "Zavivaeva, Kristina"]
[Black "Berikkyzy, Alanna"]
[Result "1-0"]
[WhiteElo "1465"]
[BlackElo "1507"]
[PlyCount "99"]
[EventDate "2023.12.14"]
[EventType "swiss"]
[EventRounds "9"]
[EventCountry "UAE"]
[SourceTitle "EXT 2025"]
[Source "ChessBase"]
[SourceDate "2024.10.14"]
[SourceVersion "1"]
[SourceVersionDate "2024.10.14"]
[SourceQuality "1"]

1. e4 c5 2. Nf3 Nc6 3. d4 cxd4 4. Nxd4 Nf6 5. Nc3 d6 6. f3 g6 7. Be3 Bg7 8. Qd2 0-0 9. 0-0-0 Nxd4 10. Bxd4 Be6 11. h4 Qa5 12. Kb1 Rfc8 13. a3 a6 14. h5 b5 15. hxg6 hxg6 16. Qg5 Qc7 17. Bd3 Rab8 18. Nd5 Bxd5 19. exd5 b4 20. Rh3 bxa3 21. b3 Qa5 22. Rdh1 Qa4 23. Qh4 Nh5 24. Bxg7 Qxh4 25. Rxh4 Kxg7 26. Bxa6 Rc5 27. g4 Nf6 28. g5 Nh5 29. Bc4 Rb7 30. Ka2 Ra5 31. f4 Rc7 32. f5 Rb7 33. fxg6 fxg6 34. Bd3 Rc7 35. c4 Ra8 36. R1h3 Rf8 37. Kxa3 Rb7 38. b4 Ra7+ 39. Kb3 Rfa8 40. b5 Ra3+ 41. Kc2 Ra2+ 42. Kc3 Rf2 43. Re3 Kf7 44. b6 Rb8 45. Re6 Nf4 46. Rh7+ Kg8 47. Rexe7 Rxb6 48. Reg7+ Kf8 49. Ra7 Rb8 50. Rh8# 1-0

[Event "Asia-ch U10 Girls"]
[Site "Al Ain"]
[Date "2023.12.16"]
[Round "3"]
[White "Enkhriikhen, Nyamdorj"]
[Black "Berikkyzy, Alanna"]
[Result "1-0"]
[WhiteElo "1426"]
[BlackElo "1507"]
[PlyCount "109"]
[EventDate "2023.12.14"]
[EventType "swiss"]
[EventRounds "9"]
[EventCountry "UAE"]
[SourceTitle "EXT 2025"]
[Source "ChessBase"]
[SourceDate "2024.10.14"]
[SourceVersion "1"]
[SourceVersionDate "2024.10.14"]
[SourceQuality "1"]

1. e4 c5 2. Nf3 Nc6 3. Bb5 Nf6 4. e5 Nd5 5. 0-0 e6 6. Re1 Be7 7. c3 a6 8. Bf1 d6 9. d4 cxd4 10. Nxd4 Nxe5 11. c4 Nf6 12. h3 0-0 13. Nc3 Qc7 14. Qe2 Nc6 15. Nxc6 bxc6 16. Bf4 e5 17. Bh2 Be6 18. c5 Nd7 19. cxd6 Bxd6 20. Red1 Bc5 21. Ne4 Bd4 22. Rxd4 f5 23. Ng5 Bd5 24. Rxd5 cxd5 25. Ne6 Qd6 26. Nxf8 Kxf8 27. Qf3 Qe6 28. Qa3+ Kg8 29. Re1 h6 30. Bb5 e4 31. Ba4 Nb6 32. Bb3 a5 33. Qc5 a4 34. Bd1 Nc4 35. Qd4 Kh7 36. b3 axb3 37. Bxb3 Rc8 38. f3 Nb6 39. fxe4 fxe4 40. Bg3 Nc4 41. Bf2 Rc7 42. Rc1 Rc8 43. Bxc4 dxc4 44. Rc3 Rc7 45. Bg3 Rd7 46. Qxc4 Qb6+ 47. Qc5 Rd1+ 48. Kh2 Qf6 49. Qe5 Qg6 50. Re3 Rd2 51. a4 Qb6 52. Qxe4+ Kg8 53. Qe6+ Qxe6 54. Rxe6 Ra2 55. Ra6 1-0